| 000 | 00589nam a22001937a 4500 | ||
|---|---|---|---|
| 999 |
_c860 _d860 |
||
| 001 | 11608 | ||
| 003 | BD-DhUAP | ||
| 005 | 20210118161407.0 | ||
| 008 | 200128s1996 pk ||||| |||| 00| 0 eng d | ||
| 040 |
_aBD-DhUAP _bEng _cBD-DhUAP _dBD-DhUAP |
||
| 082 |
_223 _a341.48095491 JUD |
||
| 245 | _aJudgments on human rights & public interest litigation by Supreme court of Pakistan up to 1999. | ||
| 260 |
_aLahore : _bPLD Publishers, _c1996. |
||
| 300 |
_aparts ; _c24 cm. |
||
| 505 | _aP. 3-Judgment no. 24-33. | ||
| 650 |
_aHuman rights law _zPakistan. |
||
| 710 | _aPakistan. | ||
| 942 |
_2ddc _cBK |
||